01326nam a2200325 a 4500001001200000003000800012006001900020007001500039008004100054010001700095020003000112020002700142040002100169035002100190050002500211082001700236245011700253260006100370300003600431490004800467504005100515533015200566650001500718655002900733700002000762700002600782710001700808830004900825856012600874ebr10682779CaPaEBRm u cr cn|||||||||121212s2013 nyuad sb 001 0 eng d z 2012037325 z9781624170904 (hardcover) z9781624170911 (e-book) aCaPaEBRcCaPaEBR a(OCoLC)84117069014aQD341.A6bN52 2013eb04a547/.03622300aNew developments in aldehydes researchh[electronic resource] /cLuca Torrioni and Emilia Pescasseroli, editors. aHauppauge, N.Y. :bNova Science Publishers, Inc.,c2013. aix, 151 p. :bill. (some col.).1 aChemical engineering methods and technology aIncludes bibliographical references and index. aElectronic reproduction.bPalo Alto, Calif. :cebrary,d2013.nAvailable via World Wide Web.nAccess may be limited to ebrary affiliated libraries. 0aAldehydes. 7aElectronic books.2local1 aTorrioni, Luca.1 aPescasseroli, Emilia.2 aebrary, Inc. 0aChemical engineering methods and technology.40uhttp://site.ebrary.com/lib/rucke/Doc?id=10682779zAn electronic book accessible through the World Wide Web; click to view